00880nas a22002057a 450000500170000000800410001702200140005804000130007224500280008526000720011330000120018531000140019736200540021150001170026550000830038265000530046565100440051870000620056271000500062420260603155118.0260520b19671994porb||p||||||f00| z|por | a0101-6725 cBR-ViAPE aUFES - Revista Cultural aVitóriabFundação Ceciliano Abel de Almeida - UFESc1967-1994 av.bil. aIrregular an. 1 (2º semestre 1967) - ano 17, n. 49 (1994).  aDisponibilizada apenas a imagem da capa na versão digital, em virtude de restrições de direitos autorais.  aColeção incompleta: disponíveis apenas alguns números do periódico.  aArtigosxCulturaxUniversidadezEspírito Santo aEspírito Santo (Brasil)vPeriódicos aUniversidade Federal Do Estado do Espírito Santo - UFES aFundação Ceciliano Abel de Almeida - UFES